000 02907nam a22003497a 4500
005 20111214142658.0
010 _aB-468791-801
020 _a9788179932377
_c75.00
035 _aB-468791-801
037 _aBlue Berry/Ven
082 _a595.789
100 _aConolly, Cathryn
_950535
245 _aLife cycle ofa a butterfly :
_cby Cathryn Conolly; edited by Anupama Jauhry
_bgrow with me /
260 _aNew Delhi
_bTeri Press
_c2011
270 _aDarbari Seth Block, IHC Complex, Lodhi Road
_bNew Delhi
_e110003
300 _a16p.
_bcol.ill
_c23cm(pbk)
490 _aCircle of life; edited by Arshi Ahmad
_950536
700 _a Jauhry, Anupama
_936910
942 _2ddc
_cCH
_mCON
_h595.789
999 _c59443
_d59443